| 000 | 00624nam a2200157 i 4500 | ||
|---|---|---|---|
| 001 | 68259 | ||
| 003 | ES-MaACL | ||
| 005 | 20230906170234.0 | ||
| 007 | t| | ||
| 008 | 040611s1905 sp ||||1| spa d | ||
| 100 | 1 |
_aGarcía Alix, Antonio. _954133 |
|
| 245 | 1 | 3 |
_aEl problema de las subsistencias _b: informe del Ministro de Hacienda : disposiciones que pueden adoptarse ecaminadas a conseguir el abaratamiento de los artículos de primera necesidad / _cAntonio García Alix. |
| 260 |
_aMadrid : _b[s.n., _c1905] ( _fImp. Fábrica Nacional de Moneda y timbre) |
||
| 300 |
_a42 p. ; _c22 cm. |
||
| 852 |
_aES-MaACL _jT-1038-F-17 |
||
| 999 |
_c68259 _d68259 |
||